Quiz o filmach Pixar - Statystyki

Ogólne statystyki
  • Ten quiz został rozwiązany 267 razy
    144 od ostatniego zresetowania
  • Średni wynik to 13 z 28
Statystyki odpowiedzi
Rok Film % Poprawnych
1995 Toy story
93%
1999 Toy story 2
84%
2010 Toy story 3
83%
2019 Toy story 4
80%
2006 Auta
73%
2011 Auta 2
68%
2017 Auta 3
68%
2001 Potwory i spółka
57%
2003 Gdzie jest Nemo?
54%
2015 W głowie się nie mieści
54%
2004 Iniemamocni
49%
2008 WALL-E
48%
2018 iniemamocni 2
46%
2009 Odlot
46%
2024 W głowie się nie mieści 2
44%
2016 Gdzie jest Dory?
39%
1998 Dawno temu w trawie
38%
2012 Merida Waleczna
36%
2017 Coco
34%
2007 Ratatuj
32%
2021 Luca
26%
2023 Między nami żywiołami
23%
2022 To nie wypanda
22%
2020 Co w duszy gra
20%
2022 Buzz Astral
19%
2020 Naprzód
19%
2013 Uniwersytet Potworów
10%
2015 Dobry Dinosaur
1%
Nie znaleziono quizów pasujących do podanych kryteriów
Rozkład punktacji
Procent ludzi z każdym wynikiem
Percentyl według liczby udzielonych odpowiedzi
Twoja historia wyników
Nie rozwiązałeś tego quizu od ostatniego zresetowania